Welcome to CU Library Online Public Access Catalogue (OPAC)

Legal aspects of corporate finance / (Record no. 343)

MARC details
000 -LEADER
fixed length control field 00674cam a2200217 a 4500
001 - CONTROL NUMBER
control field 2543670
005 - DATE AND TIME OF LATEST TRANSACTION
control field 20241029154812.0
008 - FIXED-LENGTH DATA ELEMENTS--GENERAL INFORMATION
fixed length control field 941123s1995 nyu b 001 0 eng
020 ## - INTERNATIONAL STANDARD BOOK NUMBER
International Standard Book Number 9780820541419
050 00 - LIBRARY OF CONGRESS CALL NUMBER
Classification number KF1428
Item number .M33 1995
082 00 - DEWEY DECIMAL CLASSIFICATION NUMBER
Classification number 346.73/0666
-- 347.306666
Edition information 20
100 1# - MAIN ENTRY--PERSONAL NAME
Personal name McDermott, Richard T.
245 10 - TITLE STATEMENT
Title Legal aspects of corporate finance /
Statement of responsibility, etc. Richard T. McDermott.
250 ## - EDITION STATEMENT
Edition statement 2nd ed.
260 ## - PUBLICATION, DISTRIBUTION, ETC.
Place of publication, distribution, etc. New York :
Name of publisher, distributor, etc. M. Bender,
Date of publication, distribution, etc. 1995.
300 ## - PHYSICAL DESCRIPTION
Extent ix, 164 pages. ;
Dimensions 25 cm.
440 #0 - SERIES STATEMENT/ADDED ENTRY--TITLE
Title Analysis and skills series
650 #0 - SUBJECT ADDED ENTRY--TOPICAL TERM
Topical term or geographic name entry element Corporations
General subdivision Finance
-- Law and legislation
Geographic subdivision United States.
650 #0 - SUBJECT ADDED ENTRY--TOPICAL TERM
Topical term or geographic name entry element Securities
Geographic subdivision United States.
942 ## - ADDED ENTRY ELEMENTS (KOHA)
Source of classification or shelving scheme Library of Congress Classification
Koha item type Books
Suppress in OPAC No
999 ## -
-- 343
-- 343
Holdings
Withdrawn status Lost status Source of classification or shelving scheme Damaged status Not for loan Collection Home library Current library Shelving location Date acquired Total checkouts Full call number Barcode Date last seen Copy number Price effective from Koha item type
    Library of Congress Classification     Non-fiction Law Library Annex (Miotso) Law Library Annex (Miotso) General stacks 10/29/2024   KF1428.M33 MCD LLM00000054 10/29/2024 1 10/28/2024 Books
© 2023-2024 Copyright: Central University Libraries. All Rights Reserved | Created by: Mahone Tech Office